Building the awesome organization : (Record no. 347653)
[ view plain ]
| 000 -LEADER | |
|---|---|
| fixed length control field | 01274 a2200205 4500 |
| 020 ## - INTERNATIONAL STANDARD BOOK NUMBER | |
| International Standard Book Number | 076455400X (paperback) |
| 020 ## - INTERNATIONAL STANDARD BOOK NUMBER | |
| International Standard Book Number | 9780764554001 (paperback) |
| 082 04 - DEWEY DECIMAL CLASSIFICATION NUMBER | |
| Classification number | 658.4 |
| 090 ## - LOCALLY ASSIGNED LC-TYPE CALL NUMBER (OCLC); LOCAL CALL NUMBER (RLIN) | |
| -- | 5235 |
| -- | 5235 |
| 100 1# - MAIN ENTRY--PERSONAL NAME | |
| Personal name | Catlin, Katherine. |
| 245 10 - TITLE STATEMENT | |
| Title | Building the awesome organization : |
| Remainder of title | six essential components that drive entrepreneurial growth / |
| Statement of responsibility, etc. | Katherine Catlin, Jana B. Matthews, Kauffman Center for Entrepreneurial Lead. |
| 250 ## - EDITION STATEMENT | |
| Edition statement | 1st ed. |
| 260 ## - PUBLICATION, DISTRIBUTION, ETC. | |
| Place of publication, distribution, etc. | [S.l.] : |
| Name of publisher, distributor, etc. | Wiley, |
| Date of publication, distribution, etc. | 2002. |
| 300 ## - PHYSICAL DESCRIPTION | |
| Extent | 224 p. ; |
| Dimensions | 24 cm. |
| 520 ## - SUMMARY, ETC. | |
| Summary, etc. | Building the Awesome Organization discusses the eight components of an awesome organization. This book will help you to realize the core competencies for growth. It describes the processes, policies and systems that support growth. Find out how to attract and retain awesome peoplea and develop an environment that motivates and empowers people to achieve extraordinary results. Explore the responsibilities of the leader and the expectations others have of the role that the leader of an entrepreneurial company will play. |
| 700 1# - ADDED ENTRY--PERSONAL NAME | |
| Personal name | Matthews, Jana B. |
| 700 1# - ADDED ENTRY--PERSONAL NAME | |
| Personal name | Lead, Kauffman Center for Entrepreneurial. |
| 856 40 - ELECTRONIC LOCATION AND ACCESS | |
| Materials specified | Amazon.com |
| Uniform Resource Identifier | <a href="http://www.amazon.com/exec/obidos/ASIN/076455400X/chopaconline-20">http://www.amazon.com/exec/obidos/ASIN/076455400X/chopaconline-20</a> |
| 942 ## - ADDED ENTRY ELEMENTS (KOHA) | |
| Institution code [OBSOLETE] | NBS |
| Koha item type | Book |
| Call number prefix | 658.4 CAT |
| Withdrawn status | Lost status | Damaged status | Not for loan | Permanent Location | Current Location | Date acquired | Total Checkouts | Full call number | Barcode | Date last seen | Date last checked out | Price effective from | Koha item type |
|---|---|---|---|---|---|---|---|---|---|---|---|---|---|
| Central Library (CL) | Central Library (CL) | 08/28/2013 | 1 | 658.4 CAT | NBS6842 | 12/22/2015 | 10/27/2015 | 08/28/2013 | Book | ||||
| Central Library (CL) | Central Library (CL) | 08/28/2013 | 1 | 658.4 CAT | NBS6764 | 01/28/2019 | 11/26/2018 | 08/28/2013 | Book |
